000 00377 a2200169 4500
001 46530
020 _a8570566891
040 _cAnchieta - Aquarius
100 _aLadeira, Julieta de Godoy
240 1 0 _aDe olho nos sinais
_lpor
245 1 0 _aDe olho nos sinais
300 _a48
362 0 _a1995
440 1 _aAtual
650 4 _aLiteratura infanto-juvenil
942 _cBK
999 _c46530
_d46530